00382nam a2200145Ia 4500003000400000005001700004008004100021040000900062082001700071100002100088245006000109260004300169300000900212650001500221OSt20210915120508.0190216s9999||||xx |||||||||||||| ||und|| coclc a892.7bHAM/M aHamood, Muhammad 0aMousooath Al Udaba Va Shuara Al Arab /cMuhammad Hamood bDarulfikr Al Bananee,c2009.aBirooth: a374p aReferences